Normal view
MARC view
Entry Personal Name
001 - CONTROL NUMBER
- control field: 1235858
003 - CONTROL NUMBER IDENTIFIER
- control field: OSt
005 - DATE AND TIME OF LATEST TRANSACTION
- control field: 20260428115306.0
008 - FIXED-LENGTH DATA ELEMENTS
- fixed length control field: 260428|| aca||aabn | a|a d
040 ## - CATALOGING SOURCE
- Original cataloging agency: OSt
- Transcribing agency: OSt
100 ## - HEADING--PERSONAL NAME
- Personal name: Jain Anrudh
670 ## - SOURCE DATA FOUND
- Source citation: Work cat.: (OSt)632355: 322972, Do population policies matter: Fertility and politics in Egypt ,India, Kenya and Mexico , 1998
